Pour une évaluation de la protection de la jeunesse: eléments de réflexion sur la politique menée en matière de placement des mineurs d'age
| 1. VerfasserIn: | |
|---|---|
| Medienart: | Druck Buch |
| Sprache: | Französisch |
| Veröffentlicht: |
Arlon
Centre Luxembourgeois de Recherches Sociales et Pédagogique
1982
|
| In: |
Cahier (3)
Jahr: 1982 |
| Bestand in Tübingen: | In Tübingen vorhanden. UB: KB 5 E 634 |
| Verfügbarkeit prüfen: | HBZ Gateway |
| Subito Bestelldienst: | Jetzt bestellen. |
MARC
| LEADER | 00000cam a22000002c 4500 | ||
|---|---|---|---|
| 001 | 1090630425 | ||
| 003 | DE-627 | ||
| 005 | 20220514123208.0 | ||
| 007 | tu | ||
| 008 | 900605s1982 xx ||||| 00| ||fre c | ||
| 035 | |a (DE-627)1090630425 | ||
| 035 | |a (DE-576)020630425 | ||
| 035 | |a (DE-599)BSZ020630425 | ||
| 035 | |a (OCoLC)311263849 | ||
| 040 | |a DE-627 |b ger |c DE-627 |e rakwb | ||
| 041 | |a fre | ||
| 100 | 1 | |a Hausman, Pierre |0 (DE-627)1236586034 |0 (DE-576)16658603X |4 aut | |
| 109 | |a Hausman, Pierre |a Hausman, P. | ||
| 245 | 1 | 0 | |a Pour une évaluation de la protection de la jeunesse |b eléments de réflexion sur la politique menée en matière de placement des mineurs d'age |c Pierre Hausman |
| 264 | 1 | |a Arlon |b Centre Luxembourgeois de Recherches Sociales et Pédagogique |c 1982 | |
| 300 | |a 16 S. | ||
| 336 | |a Text |b txt |2 rdacontent | ||
| 337 | |a ohne Hilfsmittel zu benutzen |b n |2 rdamedia | ||
| 338 | |a Band |b nc |2 rdacarrier | ||
| 490 | 1 | |a Cahier / Fondation Universitaire Luxembourgeoise |v 3 | |
| 583 | 1 | |a Archivierung prüfen |c 20200919 |f DE-640 |z 1 |2 pdager | |
| 810 | 2 | |a Fondation universitaire luxembourgeoise |t Cahier |v 3 |9 3 |w (DE-627)1097874060 |w (DE-576)027874060 |7 am | |
| 951 | |a BO | ||
| ELC | |b 1 | ||
| LOK | |0 000 xxxxxcx a22 zn 4500 | ||
| LOK | |0 001 2145768874 | ||
| LOK | |0 003 DE-627 | ||
| LOK | |0 004 1090630425 | ||
| LOK | |0 005 20010126000000 | ||
| LOK | |0 008 900605||||||||||||||||ger||||||| | ||
| LOK | |0 040 |a DE-21 |c DE-627 |d DE-21 | ||
| LOK | |0 852 |a DE-21 | ||
| LOK | |0 852 1 |c KB 5 E 634 |9 00 | ||
| LOK | |0 935 |a krim | ||
| LOK | |0 936ln |a k4.2.3 | ||
| LOK | |0 939 |a 05-06-90 |b l01 | ||
| ORI | |a SA-MARC-krimdoka001.raw | ||
| SIG | |a UB: KB 5 E 634 | ||
